000 01310nam a2200325 c 4500
003 BLK
005 20250206151255.0
008 180408b bul|||||r ||||||| ||bul||
010 _aKNG00061098000
040 _aBLK
041 _aBUL
_cBUL
080 _aМлекопитаещи животни, бозайници, Mammalia
_b599
_x
_z599
100 1 _aМарков, Георги Нейков
_eпърви автор
_9287345
139 _aМарков, Георги Нейков
_bМ 32
245 1 0 _aБозайници
_bМоногр.
_cГеорги Нейков Марков.
250 _a2. осн. прераб. изд.
257 _aBGR
260 София
_bНаука и изкуство
_c1988
300 _a311 с.
_bс ил.
_c25 см
380 _a5
500 _a1. изд. 1972. - 15 707 тир. - Библиогр. с. 288-290 ; Азб. указ. на бълг. названия на бозайниците ; Азб. указ. на лат. названия на бозайниците.
650 4 _aБозайници
_9148906
653 _aбозайници
852 _aЦб 155495
856 4 _qpdf
_u
856 4 _qpdf
_u
942 _cKNG
_n0
_03
944 _aCR
_c13.06.2004
_k30531
_lЦветелина Шанова
944 _aED
_c16.03.2018
_kКина_Георгиева
999 _c57108
_d57108